| 000 | 00406nam a2200157Ia 4500 | ||
|---|---|---|---|
| 008 | 260320s2025 xx 000 0 und d | ||
| 020 | _a978-81-979890-5-6 | ||
| 082 | _a612/HAR | ||
| 100 | _aHARBANS LAL | ||
| 245 | _aTEXT BOOK OF BIOCHEMISTRY | ||
| 250 | _a5TH ED. | ||
| 260 |
_aNEW DELHI _bCBS PUBLISHER _c2025 |
||
| 300 | _a304p | ||
| 650 | _aPHYSIOLOGY & BIOCHEMISTRY | ||
| 700 | _aSACHDEVA ASHUMA | ||
| 999 |
_c1217925 _d1217925 |
||